000 00555nam a2200193Ia 4500
005 20260120131926.0
008 008 260114s9999 xx 000 0 eng d
020 _a9780197715017
037 _aEBOOK
040 _aCRL
_beng
_cCRL
041 _aeng
_2eng
084 _qCRL
100 _aHamilton
_9932840
245 0 _aNineteenth-Century Mormon Architecture and City Planning
260 _bOxford University PressOxford University Press
_c2023
856 _uhttps://academic.oup.com/book/47720
942 _cEBOOK
999 _c1524763
_d1524763